Analýza pracovnej intenzity na Slovensku na základe zisťovania EU SILC diplomová práca

Gespeichert in:
Bibliographische Detailangaben
1. Verfasser: Ťažká, Zuzana
Körperschaft: Fakulta hospodárskej informatiky EU. Katedra štatistiky
Weitere Verfasser: Šoltés, Erik, 1974-
Format: Buch
Sprache:Slowakisch
Veröffentlicht: Bratislava 2015
Tags: Tag hinzufügen
Keine Tags, Fügen Sie das erste Tag hinzu!

MARC

LEADER 00000nbm a2200000 4500
001 0201571
005 20161212111814.1
041 0 |a slo 
044 |a SK 
245 1 0 |a Analýza pracovnej intenzity na Slovensku na základe zisťovania EU SILC  |b diplomová práca  |c Zuzana Ťažká ; školiteľ: Erik Šoltés 
264 1 |a Bratislava  |c 2015 
300 |a 110 s. 
100 1 |a Ťažká, Zuzana 
700 1 |a Šoltés, Erik, 1974- 
710 2 |a Fakulta hospodárskej informatiky EU. Katedra štatistiky